000 00425nam a22001337a 4500
020 _a9781839100482
082 _a341.67
_bSAS
100 _aSassòli, Marco
245 _aInternational humanitarian law :
_brules, controversies, and solutions to problems arising in warfare /
_cMarco Sassòli
260 _aUnited Kingdom :
_bEdward Elgers,
_c2019.
300 _a656 p. ;
_c24 cm.
563 _aPBK.
942 _2ddc
_cBK
999 _c592439
_d592439